000 00495nam a2200181Ia 4500
005 20250317123449.0
008 008 250317s9999 xx 000 0 eng d
037 _aTextbook
040 _aFMSL
_beng
_cFMSL
041 _aeng
_2eng
084 _aBobX K5
_qFMSL
100 _aKooros A
245 0 _aElements of mathematical economics
260 _aLondon
_bLondon, Houghton & Mifflin
_c1965
300 _a413p
942 _cTB
_hBobX K5
999 _c1251361
_d1251361